| 000 | 01550nam0a2200325 4500 | ||
|---|---|---|---|
| 001 | RU\NLR\bibl\63295 | ||
| 005 | 20250616092336.0 | ||
| 010 |
_a5-8316-0007-6 _95000 |
||
| 021 |
_aRU _b99-34807 _91709 |
||
| 035 | _a(NLR Aleph) 000061762 | ||
| 090 |
_a336747 _c336747 |
||
| 100 | _a19991214d1999 |||y0rusy50 ca | ||
| 101 | 0 | _arus | |
| 102 | _aRU | ||
| 105 | _aa ||||||||| | ||
| 200 | 1 |
_aЭкспертиза меда и способы обнаружения его фальсификации _eУчеб.-практ. пособие _e[Для студентов по спец. "Товароведение и экспертиза товаров", специалистов в обл. товарной экспертизы] _fВ.И. Заикина |
|
| 210 |
_aМ. _cДашков и К° _d1999 |
||
| 215 |
_a141,[1] с. _cил. _d20 |
||
| 300 | _aНа обороте тит.л. авт.: к.т.н., доц. В.И. Заикина | ||
| 320 | _aБиблиогр.: с. 125-127 (43 назв.) | ||
| 606 | 0 |
_aМед _jРуководства, пособия и т.п. _xВетеринарно-санитарная экспертиза _91263189 _3RU\NLR\auth\66201324 |
|
| 606 | 0 |
_aМед _jУчебные издания _xВетеринарно-санитарная экспертиза _91263189 _3RU\NLR\auth\66201324 |
|
| 686 | _aП817.17я7 | ||
| 700 | 1 |
_aЗаикина _bВ. И. _4070 |
|
| 801 | 0 |
_aRU _bNLR _c19991214 _gPSBO |
|
| 801 | 1 |
_aRU _bNLR _c19991214 |
|
| 852 |
_aNLR _j99-3/13623 |
||
| 942 | _cBOOK | ||
| 980 | _aNB | ||